NFL Super Bowl Winners - Statistics

General Stats
  • This quiz has been taken 57 times
  • The average score is 18 of 20
Answer Stats
Hint Answer % Correct
5x Dallas Cowboys
95%
2x Los Angeles Rams
95%
6x New England Patriots
95%
6x Pittsburgh Steelers
95%
3x Denver Broncos
93%
4x Kansas City Chiefs
93%
1x Chicago Bears
90%
4x Green Bay Packers
90%
2x Miami Dolphins
90%
4x New York Giants
90%
1x Philadelphia Eagles
90%
5x San Francisco 49ers
90%
2x Tampa Bay Buccaneers
90%
2x Baltimore Ravens
88%
3x Washington Commanders
88%
3x Las Vegas Raiders
85%
1x New York Jets
85%
1x Seattle Seahawks
85%
1x New Orleans Saints
83%
2x Indianapolis Colts
80%
No matching quizzes found
Score Distribution
Percent of People with Each Score
Percentile by Number Answered
Your Score History
You have not taken this quiz